000
00319 a2200133 4500
000
nam a22 7a 4500
100
_a
Kenny, Pickering
110
_a
Kenny, Pickering
245
_a
Essentials of Biochemistry
250
_a
latest edition
260
_b
BRILLIANCE
_c
2026
264
_b
BRILLIANCE
_c
2026
942
_c
BK
999
_c
394080
_d
394080